Základní kniha o reiki : od prvotního seznámení po běžné užívání : úplný úvod do praxe reiki /

Hlavní autor: Lübeck, Walter, 1960-
Další autoři: Stejskalová, Helena
Jazyk: Čeština
Vydáno: Praha : Pragma, [1994]
Témata:
Fyzický popis: 221 stran : ilustrace ; 18 cm
Knihy
Uloženo v:
LEADER 01383nam a2200385 i 4500
001 001570012
003 CZ BrMZK
005 20170410132455.0
007 ta
008 170329t19941994xr a e f 000 0 cze
015 |a cnb000092469 
020 |a 80-85213-47-8  |q (brožováno) 
035 |a (OCoLC)35072702 
040 |a ABA001  |b cze  |d BOA001  |e rda 
041 1 |a cze  |h ger 
072 7 |a 615.8  |x Fyzioterapie. Psychoterapie. Alternativní lékařství  |2 Konspekt  |9 14 
080 |a 615.85  |2 MRF 
080 |a (035)  |2 MRF 
100 1 |a Lübeck, Walter,  |d 1960-  |7 jn20000603835  |4 aut 
240 1 0 |a Reiki Handbuch.  |l Česky 
245 1 0 |a Základní kniha o reiki :  |b od prvotního seznámení po běžné užívání : úplný úvod do praxe reiki /  |c Walter Lübeck ; z německého originálu Das Reiki Handbuch přeložila Helena Stejskalová 
246 3 0 |a O reiki 
264 1 |a Praha :  |b Pragma,  |c [1994] 
264 4 |c ©1994 
300 |a 221 stran :  |b ilustrace ;  |c 18 cm 
336 |a text  |b txt  |2 rdacontent 
337 |a bez média  |b n  |2 rdamedia 
338 |a svazek  |b nc  |2 rdacarrier 
650 0 7 |a reiki  |7 ph116032  |2 czenas 
655 7 |a příručky  |7 fd133209  |2 czenas 
700 1 |a Stejskalová, Helena  |4 trl 
910 |a BOA001  |b 1-1385.674 
990 |a BK 
991 |b 201704  |c NOV 
996 6 |b 2610702602  |c 1-1385.674  |l MZK  |r Sklad / do 1 hodiny  |n 0  |p dar  |w 001605827  |u 000010  |a 1  |e BOA001  |j MZK50  |s P